000 00531nam a2200241Ia 4500
003 OSt
005 20220912151939.0
006 a|||||r|||| 00| 0
007 ta
008 220909b |||||||| |||| 00| 0 eng d
024 _a64215
037 _cTextual
040 _aCSL
_beng
_cCSL
041 _aeng
082 _aLAz, F9
100 _aSharma
245 0 _aSystem of ayurved
260 _c1949
300 _ap.
_ccm.
650 _aMedicine
942 _hLAz, F9
_cTEXL
_2CC
999 _c77707
_d77707